书目信息 |
| 题名: |
汤姆·布朗的求学生涯
|
|
| 作者: | 休斯 著 ;陈荣 , 科格希尔 注释 | |
| 分册: | ||
| 出版信息: | 上海 上海外语教育出版社 2003.02 |
|
| 页数: | 182页 | |
| 开本: | 19cm | |
| 丛书名: | 轻松读经典丛书 | |
| 单 册: | ||
| 中图分类: | H319.4 , G633.41 | |
| 科图分类: | ||
| 主题词: | 英语课--ying yu ke--中学--课外读物 , 英语 , 小说--xiao shuo--英国--近代--缩写本 | |
| 电子资源: | ||
| ISBN: | 7-81080-683-1 | |
| 000 | 01302nam 2200337 450 | |
| 001 | CAL 012003128671 | |
| 005 | 20060606154621.82 | |
| 010 | @a7-81080-683-1@dCNY 7.30 | |
| 099 | @aCAL 012003128671 | |
| 100 | @a20030805d2003 am y0chiy0121 ea | |
| 101 | 0 | @aeng@achi |
| 102 | @aCN@b310000 | |
| 200 | 1 | @a汤姆·布朗的求学生涯@Atang mu · bu lang de qiu xue sheng ya@f(英) 原著托马斯·休斯@d= Tom Brown's schooldays@fThomas Hughes@gAdapted by Marie Coghill@g注释陈荣@zeng |
| 210 | @a上海@c上海外语教育出版社@d2003.02 | |
| 215 | @a182页@c图@d19cm | |
| 225 | 2 | @a轻松读经典丛书@Aqing song du jing dian cong shu@d= Sflep-Macmillan classics readers@e英语课程标准@i五级@v9 |
| 300 | @a正文英文。 | |
| 306 | @a"First published by Macmillan Publishers Limited, United Kingdom, 1969"----[183页]。 | |
| 410 | 0 | @12001 @a轻松读经典丛书 |
| 410 | @12001 @a英语课程标准五级@v9 | |
| 510 | 1 | @aTom Brown's schooldays@zeng |
| 606 | 0 | @a英语课@Aying yu ke@x中学@j课外读物 |
| 606 | 0 | @a英语 |
| 606 | 0 | @a小说@Axiao shuo@y英国@z近代@j缩写本 |
| 690 | @aH319.4@v3 | |
| 690 | @aG633.41@v4 | |
| 701 | 1 | @a休斯@AXiusi@g(Hughes, Thomas),@f1822-1896@4著 |
| 702 | 0 | @a陈荣@AChen Rong@4注释 |
| 702 | 1 | @a科格希尔@AKegexi'er@g(Coghill, Marie)@4改写 |
| 801 | 0 | @c20060606 |
| 905 | @a10447@dH319.4@eY9326 | |
| 汤姆·布朗的求学生涯/(英) 原著托马斯·休斯= Tom Brown's schooldays/Thomas Hughes/Adapted by Marie Coghill/注释陈荣.-上海:上海外语教育出版社,2003.02 |
| 182页:图;19cm.-(轻松读经典丛书= Sflep-Macmillan classics readers:英语课程标准.五级;9) |
| 正文英文。 |
| ISBN 7-81080-683-1:CNY 7.30 |
| ● |
| 相关链接 |
|
|
|
正题名:汤姆·布朗的求学生涯
索取号:H319.4/Y9326
 
预约/预借
| 序号 | 登录号 | 条形码 | 馆藏地/架位号 | 状态 | 备注 |
| 1 | 603296 | 206032960 | 语言库209/209语言库 50排6列4层/ [索取号:H319.4/Y9326] | 在馆 | |
| 2 | 603297 | 206032979 | 语言库209/209语言库 50排6列4层/ [索取号:H319.4/Y9326] | 在馆 | |
| 3 | 603298 | 206032988 | 语言库209/209语言库 50排6列4层/ [索取号:H319.4/Y9326] | 在馆 | |
| 4 | 603299 | 206032997 | 语言库209/209语言库 50排6列4层/ [索取号:H319.4/Y9326] | 在馆 | |
| 5 | 607562 | 206075628 | 语言库209/209语言库 50排6列4层/ [索取号:H319.4/Y9326] | 在馆 |